[Event "1st Grand Europe Open"]
[Site "Golden Sands BUL"]
[Date "2012.06.07"]
[Round "4.22"]
[White "Akopian, Vladimir"]
[Black "Bykov, Alexey1"]
[Result "1-0"]
[WhiteTitle "GM"]
[BlackTitle "FM"]
[WhiteElo "2697"]
[BlackElo "2346"]
[WhiteFideId "13300032"]
[BlackFideId "4165365"]
[EventDate "2012.06.04"]
[EventType "swiss"]

1. Nf3 Nf6 2. c4 g6 3. b4 Bg7 4. Bb2 O-O 5. g3 d6 6. Bg2 e5 7. O-O Nc6 8. b5 Ne7
9. d3 Nh5 10. Nc3 f5 11. Qb3 Kh8 12. c5 h6 13. cxd6 cxd6 14. Rac1 g5 15. Ba3 Rf6
16. Nd2 Bf8 17. Nc4 Ng7 18. Qa4 Ne8 19. Rc2 h5 20. Rfc1 Rh6 21. Nd5 Nxd5 22.
Bxd5 Nf6 23. Bg2 Rh7 24. Nxd6 Bxd6 25. Bxd6 Qxd6 26. Rxc8+ Rxc8 27. Rxc8+ Kg7
28. Bxb7 Qb6 29. Qa6 1-0

[Event "1st Grand Europe Open"]
[Site "Golden Sands BUL"]
[Date "2012.06.07"]
[Round "4.24"]
[White "L'Ami, Alina"]
[Black "Vuckovic, Bojan"]
[Result "1/2-1/2"]
[WhiteTitle "WGM"]
[BlackTitle "GM"]
[WhiteElo "2383"]
[BlackElo "2628"]
[WhiteFideId "1210246"]
[BlackFideId "922277"]
[EventDate "2012.06.04"]
[EventType "swiss"]

1. d4 Nf6 2. c4 g6 3. Nc3 d5 4. Bg5 Ne4 5. Bf4 Nxc3 6. bxc3 Bg7 7. Qa4+ Bd7 8.
Qb3 Bc6 9. e3 dxc4 10. Bxc4 O-O 11. Nf3 e6 12. h4 Nd7 13. h5 Bxf3 14. gxf3 e5
15. hxg6 hxg6 16. Qc2 Qf6 17. dxe5 Nxe5 18. Bxe5 Qxe5 19. Rc1 Qf6 20. Rg1 Kh7
21. Rh1+ Bh6 22. Ke2 Kg7 23. Qe4 c6 24. Qd4 Rh8 25. Rcd1 Qxd4 26. cxd4 Bg5 27.
Rxh8 Rxh8 28. d5 Rd8 29. f4 Be7 30. dxc6 Rxd1 31. c7 Rd8 32. cxd8=Q 1/2-1/2

[Event "1st Grand Europe Open"]
[Site "Golden Sands BUL"]
[Date "2012.06.07"]
[Round "4.25"]
[White "Parligras, Mircea-Emilian"]
[Black "Erturan, Yakup"]
[Result "1/2-1/2"]
[WhiteTitle "GM"]
[BlackTitle "IM"]
[WhiteElo "2622"]
[BlackElo "2370"]
[WhiteFideId "1204297"]
[BlackFideId "6301410"]
[EventDate "2012.06.04"]
[EventType "swiss"]

1. d4 d5 2. c4 e6 3. Nc3 Be7 4. cxd5 exd5 5. Bf4 Nf6 6. e3 c6 7. Bd3 Nbd7 8. h3
O-O 9. Nge2 Re8 10. Qc2 Nf8 11. O-O g6 12. f3 c5 13. Qd2 a6 14. Rae1 b5 15. Bc2
Bb7 16. dxc5 Bxc5 17. Nd4 Nh5 18. Bh2 Qb6 19. Nce2 a5 20. Kh1 Re7 21. Nf4 Nxf4
22. Bxf4 Bb4 23. Qf2 Bxe1 24. Rxe1 Ne6 25. Be5 1/2-1/2

[Event "1st Grand Europe Open"]
[Site "Golden Sands BUL"]
[Date "2012.06.07"]
[Round "4.26"]
[White "Kanmazalp, Ogulcan"]
[Black "Atalik, Suat"]
[Result "0-1"]
[WhiteTitle "IM"]
[BlackTitle "GM"]
[WhiteElo "2379"]
[BlackElo "2608"]
[WhiteFideId "6304990"]
[BlackFideId "14401487"]
[EventDate "2012.06.04"]
[EventType "swiss"]

1. e4 e5 2. Nf3 Nc6 3. d4 exd4 4. c3 Nf6 5. e5 Nd5 6. cxd4 Bb4+ 7. Bd2 Bxd2+ 8.
Qxd2 d6 9. Nc3 dxe5 10. dxe5 Nxc3 11. Qxc3 Qd5 12. Be2 Qe4 13. Qc4 Qxc4 14. Bxc4
Bg4 15. O-O-O Bxf3 16. gxf3 Ke7 17. e6 fxe6 18. Rhe1 Nd8 19. Rd3 Rf8 20. Red1
Ke8 21. Rd7 Rf7 22. Rxf7 Nxf7 23. Bxe6 Nd6 24. Rg1 Ke7 25. Bd5 g6 26. h4 c6 27.
Re1+ Kf8 28. Be6 Rd8 29. Bb3 Ne8 30. h5 Rd6 31. Re5 gxh5 32. Rxh5 Nf6 33. Ra5 a6
34. Re5 Nd5 35. Kd2 Kg7 36. Ke2 Kf6 37. Re4 Re6 38. Kd3 Re5 39. Kd4 Rf5 40. Rh4
Rf4+ 0-1

[Event "1st Grand Europe Open"]
[Site "Golden Sands BUL"]
[Date "2012.06.07"]
[Round "4.27"]
[White "Bulmaga, Irina"]
[Black "Fier, Alexandr"]
[Result "0-1"]
[WhiteTitle "WIM"]
[BlackTitle "GM"]
[WhiteElo "2370"]
[BlackElo "2596"]
[WhiteFideId "13903063"]
[BlackFideId "2107139"]
[EventDate "2012.06.04"]
[EventType "swiss"]

1. e4 c6 2. d4 d5 3. Nc3 dxe4 4. Nxe4 Nd7 5. Nf3 Ngf6 6. Nxf6+ Nxf6 7. Bc4 Bf5
8. Ne5 e6 9. Bb3 Bd6 10. Qe2 O-O 11. g4 Bxe5 12. dxe5 Nxg4 13. h3 Qh4 14. Bf4
Nf6 15. Be3 Nd5 16. Bd2 a5 17. a4 Nb4 18. Bc3 Rfd8 19. Rd1 Qf4 20. Bd2 Qe4 21.
Qxe4 Bxe4 22. Bxb4 Rxd1+ 23. Kxd1 Bxh1 0-1

[Event "1st Grand Europe Open"]
[Site "Golden Sands BUL"]
[Date "2012.06.07"]
[Round "4.29"]
[White "Panbukchian, Valentin"]
[Black "Nikolov, Momchil"]
[Result "0-1"]
[WhiteTitle "IM"]
[BlackTitle "GM"]
[WhiteElo "2359"]
[BlackElo "2553"]
[WhiteFideId "2900637"]
[BlackFideId "2905710"]
[EventDate "2012.06.04"]
[EventType "swiss"]

1. e4 c5 2. Nc3 Nc6 3. g3 g6 4. Bg2 Bg7 5. d3 d6 6. Bg5 b6 7. Nge2 Bb7 8. O-O
Qd7 9. a3 e6 10. Qc1 h6 11. Bd2 Nge7 12. Re1 g5 13. h3 f5 14. Rb1 f4 15. gxf4
gxf4 16. Nxf4 O-O-O 17. Qd1 h5 18. b4 Rdg8 19. Kh1 Bd4 20. Qe2 Ng6 21. Nxg6 Rxg6
22. Rg1 Rhg8 23. Nd1 Qg7 24. Ne3 Ne7 25. Qf1 Qf6 26. Qe2 Bxe3 27. Bxe3 Nf5 28.
Kh2 Qg7 29. Qf1 Nh4 30. Bh1 Rxg1 31. Qxg1 Qe5+ 32. f4 Rxg1 33. fxe5 Rxb1 0-1

[Event "1st Grand Europe Open"]
[Site "Golden Sands BUL"]
[Date "2012.06.07"]
[Round "4.30"]
[White "Skomorokhin, Roman"]
[Black "Szabo, Gergely-Andras-Gyula"]
[Result "0-1"]
[WhiteTitle "IM"]
[BlackTitle "GM"]
[WhiteElo "2356"]
[BlackElo "2540"]
[WhiteFideId "4112610"]
[BlackFideId "1205064"]
[EventDate "2012.06.04"]
[EventType "swiss"]

1. d4 g6 2. Nf3 Bg7 3. e4 d6 4. c3 Nd7 5. Bg5 c6 6. Nbd2 Qc7 7. Be2 Ngf6 8. O-O
O-O 9. Re1 Re8 10. Bf1 h6 11. Bh4 Nh5 12. Nc4 b5 13. Ne3 Rb8 14. Nd2 Ndf6 15. f3
e5 16. dxe5 dxe5 17. a4 Nf4 18. Qc2 Be6 19. b4 a6 20. Nb3 Nd7 21. Bf2 Bf8 22.
Reb1 Rec8 23. g3 Nh5 24. Nd1 Nhf6 25. axb5 axb5 26. Ra7 Rb7 27. Rxb7 Qxb7 28.
Nb2 Ra8 29. Nd3 Qc8 30. Qb2 Ne8 31. Ra1 Rxa1 32. Nxa1 Nd6 33. Nb3 Nc4 34. Qa1
Ne3 35. Bxe3 Bxb3 36. Bh3 Qd8 37. Qa5 Qf6 38. Kf2 Qd6 39. Nc1 Be6 40. Bf1 f5 41.
exf5 gxf5 42. Nd3 Bc4 43. Nc5 Bxf1 44. Nxd7 Qd1 0-1

[Event "1st Grand Europe Open"]
[Site "Golden Sands BUL"]
[Date "2012.06.07"]
[Round "4.31"]
[White "Mastrovasilis, Athanasios"]
[Black "Snuverink, Jochem"]
[Result "1-0"]
[WhiteTitle "GM"]
[WhiteElo "2537"]
[BlackElo "2354"]
[WhiteFideId "4201990"]
[BlackFideId "1005642"]
[EventDate "2012.06.04"]
[EventType "swiss"]

1. c4 Nf6 2. g3 e6 3. Bg2 c5 4. Nf3 Nc6 5. O-O d5 6. d4 dxc4 7. dxc5 Qxd1 8.
Rxd1 Bxc5 9. Nbd2 Ke7 10. Nxc4 Rd8 11. Bd2 Ne4 12. Be1 Rxd1 13. Rxd1 f5 14. Nfe5
Nxe5 15. Nxe5 a5 16. Bxe4 fxe4 17. Bd2 h6 18. Bc3 a4 19. h4 g5 20. h5 Ra6 21.
Ng6+ Ke8 22. Bg7 e3 23. f3 g4 24. fxg4 e5 25. g5 Bg4 26. gxh6 Bxe2 27. Re1 Bxh5
28. h7 Bxg6 29. h8=Q+ 1-0

[Event "1st Grand Europe Open"]
[Site "Golden Sands BUL"]
[Date "2012.06.07"]
[Round "4.33"]
[White "Spassov, Liuben"]
[Black "Mekhitarian, Krikor Sevag"]
[Result "1/2-1/2"]
[WhiteTitle "GM"]
[BlackTitle "GM"]
[WhiteElo "2353"]
[BlackElo "2531"]
[WhiteFideId "2900220"]
[BlackFideId "2107660"]
[EventDate "2012.06.04"]
[EventType "swiss"]

1. d4 Nf6 2. c4 g6 3. Nc3 Bg7 4. e4 d6 5. f3 O-O 6. Be3 a6 7. Qd2 Nc6 8. Nge2
Rb8 9. Rc1 e6 10. g3 Bd7 11. Nd1 Re8 12. Bg2 b5 13. cxb5 axb5 14. O-O Ra8 15. b3
e5 16. d5 Ne7 17. Nf2 c6 18. dxc6 Bxc6 19. Nd3 Bb7 20. Rfd1 d5 21. Nxe5 Qb8 22.
f4 Nxe4 23. Bxe4 Bxe5 24. Bg2 Nf5 25. Bf2 Bg7 26. Rc5 Nd6 27. Nd4 Ne4 28. Bxe4
dxe4 29. Nxb5 e3 30. Bxe3 Re7 31. a4 Qf8 32. Bf2 Bf3 33. Rdc1 Rd8 34. Qxd8 Qxd8
35. Rc8 Re8 36. Rxd8 Rxd8 37. b4 h5 38. a5 Rd2 39. a6 Rb2 40. Bc5 Rg2+ 41. Kf1
Rxh2 42. a7 Ra2 43. Nc7 Bf8 44. Bd4 h4 45. Ra1 Rxa1+ 46. Bxa1 Bxb4 47. gxh4 Bd6
48. Kf2 Bh1 49. a8=Q+ Bxa8 50. Nxa8 Bxf4 51. Bf6 Kh7 52. Kf3 Bd6 53. Nb6 Kg8 54.
Nd7 Bc7 55. Kg4 Ba5 56. Ne5 Bd2 57. Nf3 Bc1 58. Ng5 Ba3 59. Kf4 Bd6+ 60. Kf3 Bc7
61. Ne4 Kh7 62. Nf2 Bb6 63. Ng4 Kg8 64. Ke4 Kf8 65. Kd5 Ke8 66. Kd6 Ba5 67. Kc6
Bb4 68. Kd5 Kf8 69. Ne5 Ke8 70. Nc4 Kd7 71. Ne5+ Ke8 72. Ng4 Kf8 73. Bd4 Ba5 74.
Kd6 Be1 75. Bf6 Ke8 76. Kc7 Ba5+ 77. Kc8 Bb4 78. Kc7 Ba5+ 79. Kc6 Bb4 80. Kd5
Kf8 81. Ke4 Bd2 82. Kd5 Bb4 1/2-1/2

[Event "1st Grand Europe Open"]
[Site "Golden Sands BUL"]
[Date "2012.06.07"]
[Round "4.34"]
[White "Nikolova, Adriana"]
[Black "Kanarek, Marcel"]
[Result "0-1"]
[WhiteTitle "WGM"]
[BlackTitle "IM"]
[WhiteElo "2345"]
[BlackElo "2484"]
[WhiteFideId "2908689"]
[BlackFideId "1126822"]
[EventDate "2012.06.04"]
[EventType "swiss"]

1. e4 c5 2. c3 g6 3. d4 cxd4 4. cxd4 d5 5. e5 Nc6 6. h3 f6 7. exf6 Nxf6 8. Bb5
Bg7 9. Nf3 O-O 10. Nc3 Ne4 11. O-O Rxf3 12. gxf3 Nd6 13. Bxc6 bxc6 14. Bf4 Nf5
15. Ne2 Nh4 16. Bg3 Nxf3+ 17. Kg2 Qf8 18. Rh1 Bf5 19. Nc3 Nxd4 20. Rc1 e5 21. f3
Qf6 22. Qf1 Rf8 23. Qf2 Nxf3 24. Kxf3 Be4+ 25. Ke2 Bf3+ 26. Kd2 Bh6+ 27. Kc2
Qf5+ 28. Kb3 Rb8+ 29. Ka4 Qd3 30. b4 Qa6+ 31. Kb3 Qc4+ 32. Kb2 Rxb4+ 33. Ka1
Bxh1 34. Rc2 Be4 35. Bxe5 Bxc2 36. Qxc2 Bg7 0-1

[Event "1st Grand Europe Open"]
[Site "Golden Sands BUL"]
[Date "2012.06.07"]
[Round "4.35"]
[White "Naroditsky, Daniel"]
[Black "Videnova, Iva"]
[Result "1-0"]
[WhiteTitle "IM"]
[BlackTitle "WGM"]
[WhiteElo "2479"]
[BlackElo "2313"]
[WhiteFideId "2026961"]
[BlackFideId "2907763"]
[EventDate "2012.06.04"]
[EventType "swiss"]

1. Nf3 Nf6 2. b3 g6 3. Bb2 Bg7 4. g3 d5 5. c4 O-O 6. Bg2 c5 7. cxd5 Nxd5 8. Bxg7
Kxg7 9. O-O Nc6 10. Qc1 Qd6 11. Na3 b6 12. Nc4 Qd7 13. Qb2+ f6 14. d4 cxd4 15.
Nxd4 Bb7 16. Rad1 Nxd4 17. Qxd4 Qb5 18. Bxd5 Rad8 19. Ne3 1-0

[Event "1st Grand Europe Open"]
[Site "Golden Sands BUL"]
[Date "2012.06.07"]
[Round "4.36"]
[White "Shalamberidze, Akaki"]
[Black "Solozhenkin, Evgeniy"]
[Result "1/2-1/2"]
[WhiteTitle "IM"]
[BlackTitle "GM"]
[WhiteElo "2333"]
[BlackElo "2472"]
[WhiteFideId "13600532"]
[BlackFideId "4102266"]
[EventDate "2012.06.04"]
[EventType "swiss"]

1. c4 e5 2. g3 Nf6 3. Bg2 d5 4. cxd5 Nxd5 5. Nc3 Nb6 6. Nf3 Nc6 7. d3 Be7 8. b3
O-O 9. Bb2 f5 10. Nd2 Nd4 11. O-O Bf6 12. Nc4 Re8 13. e3 Nc6 14. Nxb6 axb6 15.
Nd5 Be6 16. Nxf6+ Qxf6 17. Bxc6 bxc6 18. f4 Qf7 19. Bxe5 c5 20. Qe2 Red8 21.
Rad1 Rd7 22. h3 Qg6 23. Kh2 Rad8 24. Rg1 h5 25. Kg2 Qf7 26. Kf2 Rd5 27. Rd2 Bc8
28. Bc3 Ba6 29. Rgd1 Qg6 30. e4 fxe4 31. Qxe4 Qf7 32. Re1 Bxd3 1/2-1/2

[Event "1st Grand Europe Open"]
[Site "Golden Sands BUL"]
[Date "2012.06.07"]
[Round "4.37"]
[White "Jevtic, Sasa"]
[Black "Can, Emre"]
[Result "0-1"]
[WhiteTitle "FM"]
[BlackTitle "GM"]
[WhiteElo "2315"]
[BlackElo "2461"]
[WhiteFideId "920452"]
[BlackFideId "6302181"]
[EventDate "2012.06.04"]
[EventType "swiss"]

1. d4 Nf6 2. Nf3 g6 3. g3 Bg7 4. Bg2 O-O 5. O-O d6 6. Re1 Nbd7 7. e4 e5 8. Nc3
c6 9. a4 a5 10. h3 Re8 11. dxe5 dxe5 12. Be3 Bf8 13. Nd2 Qc7 14. Bf1 Nc5 15. Qf3
Nh5 16. Rad1 Ng7 17. Bc4 Be6 18. Nb3 Nxb3 19. cxb3 Bxc4 20. bxc4 Ne6 21. Rd2 Qe7
22. Red1 Rad8 23. Rxd8 Nxd8 24. Rd2 Ne6 25. Kg2 Qb4 26. Qe2 Bg7 27. Qd3 Bf6 28.
Bh6 Rd8 29. Qe3 Rxd2 30. Qxd2 Nd4 31. f4 Qxc4 32. fxe5 Bxe5 33. Qg5 f6 34. Qg4
Qe6 35. Qxe6+ Nxe6 36. Be3 Bxc3 37. bxc3 b5 38. axb5 cxb5 39. h4 a4 40. Bc1 Nc5
41. Kf3 Nd3 42. Ba3 Ne5+ 43. Ke2 Nc4 44. Bb4 a3 45. Bxa3 Nxa3 46. Kd3 Kf7 47.
Kd4 Ke6 0-1

[Event "1st Grand Europe Open"]
[Site "Golden Sands BUL"]
[Date "2012.06.07"]
[Round "4.38"]
[White "Wan, Yunguo"]
[Black "Voiska, Margarita"]
[Result "1/2-1/2"]
[BlackTitle "WGM"]
[WhiteElo "2456"]
[BlackElo "2301"]
[WhiteFideId "8603189"]
[BlackFideId "2900602"]
[EventDate "2012.06.04"]
[EventType "swiss"]

1. e4 c5 2. Nf3 Nc6 3. Bb5 Na5 4. O-O a6 5. Be2 d6 6. d4 cxd4 7. Nxd4 Nf6 8. Nc3
e5 9. Nf5 h6 10. Ne3 Be7 11. Ned5 Nxd5 12. Nxd5 Bg5 13. Bxg5 hxg5 14. Qd2 Nc6
15. c3 Be6 16. Rfd1 Bxd5 17. Qxd5 Rh6 18. Rd3 Rf6 19. Rh3 Qb6 20. Rf1 Ke7 21.
Qd2 Nd8 22. Rh8 Qa7 23. Qxg5 Ne6 24. Rxa8 Qxa8 25. Qe3 Qd8 26. Rd1 Qc7 27. b4
Qc6 28. g3 Rh6 29. Rd3 Rh8 30. Bd1 f6 31. Bb3 Nc7 32. a4 b6 33. h4 a5 34. Rd1
Rc8 35. Qf3 Qd7 36. Qh5 Ne6 37. Qg4 Rxc3 38. Bxe6 Qxe6 39. Qxg7+ Qf7 40. Qxf7+
Kxf7 41. Rxd6 Rc4 42. f3 Rxb4 43. Kg2 Rb3 44. h5 Kg7 45. g4 Rb4 46. Kg3 Rxa4 47.
Rxb6 Ra1 48. Kg2 Ra2+ 49. Kh3 Ra1 50. g5 Rh1+ 51. Kg2 Rxh5 52. gxf6+ Kf7 53. Ra6
a4 54. Kf2 a3 55. Rxa3 Kxf6 56. Ra6+ Kf7 57. Ra5 Kg6 58. Ke3 Kf6 59. Kd3 Rh3 60.
Ra6+ Ke7 61. Ke3 Rh1 62. Kf2 Rh8 63. Rg6 Kf7 64. Rg5 Kf6 65. Rf5+ Ke6 66. Kg3
Rg8+ 67. Kh4 Rg1 68. Rg5 Rh1+ 69. Kg4 Kf6 70. Rf5+ Ke6 71. Kg5 Rg1+ 72. Kh6 Rg3
73. Kh5 Kd6 74. Kh6 Ke6 75. Kh5 Rg8 76. Kh4 Rg6 77. Rf8 Rg1 78. Ra8 Rg2 79. Kh3
Rg1 80. Kh4 Rg2 81. Kh5 Rg3 82. Ra3 Kf6 83. Kh4 Rg8 84. Ra6+ Ke7 85. Kh3 Rg1 1/2-1/2

[Event "1st Grand Europe Open"]
[Site "Golden Sands BUL"]
[Date "2012.06.07"]
[Round "4.39"]
[White "Hagesaether, Ellen"]
[Black "Blomqvist, Erik"]
[Result "0-1"]
[WhiteTitle "WIM"]
[BlackTitle "IM"]
[WhiteElo "2252"]
[BlackElo "2454"]
[WhiteFideId "1501909"]
[BlackFideId "1709437"]
[EventDate "2012.06.04"]
[EventType "swiss"]

1. d4 d5 2. c4 c6 3. Nf3 Nf6 4. Qc2 dxc4 5. Qxc4 Bg4 6. Nc3 Nbd7 7. Qb3 Qb6 8.
e4 Bxf3 9. Qxb6 axb6 10. gxf3 e5 11. dxe5 Nxe5 12. Be2 Ng6 13. f4 Bb4 14. f5
Nxe4 15. fxg6 Nxc3 16. gxf7+ Kxf7 17. Bc4+ Kf6 18. Be3 Ne4+ 19. Ke2 Bc5 20. h4
Bxe3 21. Kxe3 Rhe8 22. Kf4 Ra5 23. Rhe1 Rf5+ 24. Kg4 h5+ 25. Kh3 Rf3+ 26. Kg2
Rxf2+ 27. Kg1 Rf4 28. Rf1 Ke5 29. Rxf4 Kxf4 30. Rf1+ Kg3 31. Rf7 g5 32. Rh7 Nd2 0-1

[Event "1st Grand Europe Open"]
[Site "Golden Sands BUL"]
[Date "2012.06.07"]
[Round "4.40"]
[White "Popchev, Milko"]
[Black "Furman, Boris"]
[Result "1-0"]
[WhiteTitle "GM"]
[BlackTitle "FM"]
[WhiteElo "2450"]
[BlackElo "2285"]
[WhiteFideId "2900165"]
[BlackFideId "4107187"]
[EventDate "2012.06.04"]
[EventType "swiss"]

1. b3 d5 2. Bb2 c5 3. Nf3 Nc6 4. e3 Nf6 5. Be2 e6 6. O-O Bd6 7. c4 O-O 8. cxd5
exd5 9. d4 b6 10. Nc3 Bb7 11. Rc1 Rc8 12. Qd3 Ne7 13. Nb5 Bb8 14. dxc5 bxc5 15.
Bxf6 gxf6 16. Rfd1 a6 17. Nc3 Qd6 18. g3 Rfd8 19. Bf1 Qe6 20. Bg2 Ng6 21. Na4
Ba7 22. Qd2 Ne5 23. Nh4 Ng6 24. Nxg6 hxg6 25. Nc3 Rd7 26. Nxd5 Rcd8 27. e4 f5
28. exf5 Qxf5 29. Ne7+ Kf8 30. Nxf5 Rxd2 31. Rxd2 Rxd2 32. Bxb7 gxf5 33. Bxa6
Rxa2 34. Bc4 Rd2 35. Ra1 Bb8 36. Ra8 Rd8 37. Kg2 Kg7 38. Kf3 Kg6 39. h4 f6 40.
Ra5 Bd6 41. Ra7 Be5 42. Ke2 Bd4 43. f4 Re8+ 44. Kf3 Re3+ 45. Kg2 Rc3 46. Ra2 Rc1
47. Rd2 Rc3 48. Kh3 Kh6 49. Re2 Kg6 50. Bd5 Kh6 51. Re8 Rc2 52. Be6 Re2 53. Bd7
Rxe8 54. Bxe8 Bf2 55. Bb5 Be1 56. Bd3 Kg6 57. Kg2 Bd2 58. Kf2 Bc1 59. Kf3 Bd2
60. g4 Be1 61. h5+ Kh6 62. Bxf5 Bd2 63. Ke4 Bc1 64. Bd7 Bd2 65. Bb5 Bc1 66. Be2
Bd2 67. Kd5 Be3 68. Kd6 Bf2 69. Ke6 Be3 70. g5+ fxg5 71. f5 g4 72. Bxg4 Kg7 73.
f6+ Kf8 74. Be2 Ke8 75. Kf5 1-0

[Event "1st Grand Europe Open"]
[Site "Golden Sands BUL"]
[Date "2012.06.07"]
[Round "4.41"]
[White "Rathnakaran, K."]
[Black "Parligras, Cosmin"]
[Result "0-1"]
[WhiteTitle "IM"]
[WhiteElo "2441"]
[BlackElo "2264"]
[WhiteFideId "5005507"]
[BlackFideId "1206494"]
[EventDate "2012.06.04"]
[EventType "swiss"]

1. e4 c6 2. d3 d5 3. Nd2 e5 4. Ngf3 Bd6 5. g3 Nf6 6. Bg2 O-O 7. O-O Bg4 8. h3
Bh5 9. Qe1 Nbd7 10. Nh4 Re8 11. Nf5 Bf8 12. Nf3 Qc7 13. N3h4 dxe4 14. dxe4 Nc5
15. b4 Ne6 16. Bb2 a5 17. a3 Nd7 18. c4 axb4 19. axb4 Rxa1 20. Bxa1 c5 21. b5
Nb6 22. Ne3 Nd4 23. g4 Bg6 24. Bc3 Be7 25. Nhf5 Bd8 26. Qd1 Qd7 27. Re1 Bc7 28.
Bf1 Ra8 29. Kh1 Ra2 30. Kg2 Bxf5 31. gxf5 Na4 32. Bxd4 Qxd4 33. Qb3 Nc3 34. b6
Bd8 35. Kh1 Qd2 36. Ng2 Bg5 37. h4 Bf4 38. Be2 Nxe2 39. Qf3 Nd4 40. Qg4 h5 41.
Qxh5 Qxf2 42. Qg4 Ne2 0-1

[Event "1st Grand Europe Open"]
[Site "Golden Sands BUL"]
[Date "2012.06.07"]
[Round "4.42"]
[White "AlHuwar, Jasem"]
[Black "Smirnov, Artem"]
[Result "1/2-1/2"]
[WhiteTitle "FM"]
[BlackTitle "IM"]
[WhiteElo "2270"]
[BlackElo "2432"]
[WhiteFideId "9300465"]
[BlackFideId "4143256"]
[EventDate "2012.06.04"]
[EventType "swiss"]

1. Nf3 c5 2. g3 Nc6 3. Bg2 g6 4. c4 Bg7 5. O-O e5 6. Nc3 Nge7 7. Ne1 h5 8. d3 h4
9. Ne4 d6 10. Bg5 f5 11. Nf6+ Kf7 12. Nd5 hxg3 13. fxg3 Bh6 14. Nf3 Bxg5 15.
Nxg5+ Kg7 16. Qd2 Nd4 17. e3 Ne6 18. Nxe6+ Bxe6 19. Nxe7 Qxe7 20. b4 1/2-1/2

[Event "1st Grand Europe Open"]
[Site "Golden Sands BUL"]
[Date "2012.06.07"]
[Round "4.43"]
[White "Lilov, Valeri"]
[Black "Aginian, Nelly"]
[Result "1-0"]
[WhiteTitle "FM"]
[BlackTitle "WGM"]
[WhiteElo "2430"]
[BlackElo "2254"]
[WhiteFideId "2906597"]
[BlackFideId "13300628"]
[EventDate "2012.06.04"]
[EventType "swiss"]

1. d4 d5 2. Nf3 Nf6 3. Bg5 Ne4 4. Bf4 c6 5. e3 Bf5 6. Bd3 e6 7. O-O Bd6 8. Bxd6
Qxd6 9. Nh4 Bg6 10. f3 Nf6 11. Nxg6 hxg6 12. f4 g5 13. c3 gxf4 14. exf4 Nbd7 15.
g3 O-O-O 16. Nd2 Rh6 17. Qe2 Rdh8 18. b4 g5 19. fxg5 Rxh2 20. Qxh2 Rxh2 21. Kxh2
Nh5 22. Rf3 Qe7 23. g4 Ng7 24. Rg3 Qxg5 25. Nf3 Qe3 26. Rd1 Ne8 27. g5 Nd6 28.
Nd2 Qf4 29. Nf3 Ne4 30. Bxe4 dxe4 31. Ne1 Qh4+ 32. Kg2 Nb6 33. c4 Nxc4 34. Nc2
Nb2 35. Rh1 Qf4 36. Ne3 Nd3 37. Rf1 Qh4 38. Rg4 Qh7 39. g6 fxg6 40. Rxe4 g5 41.
Rg4 Nf4+ 42. Kf3 Qh3+ 43. Rg3 Qh5+ 44. Rg4 Qh3+ 45. Rg3 Qh5+ 46. Rg4 Qh3+ 47.
Rg3 Qh4 48. Rg4 Qh5 49. Rg1 Qf7 50. Nc4 Qf6 51. Nd6+ Kd7 52. Ne4 Qf5 53. Rxg5
Qh3+ 54. R5g3 Qh5+ 55. Kxf4 Qh4+ 56. Kf3 c5 57. Nxc5+ Kc6 58. Nd3 Qh5+ 59. Ke3
Qh6+ 60. Rg5 Qh3+ 61. R1g3 Qh6 62. Ne5+ Kd6 63. Nc4+ Kc6 64. b5+ Kc7 65. Kd3 Qh4
66. Rg7+ Kd8 67. Nd2 Qh2 68. Rg8+ Kc7 69. Nc4 Qh7+ 70. Kc3 1-0

[Event "1st Grand Europe Open"]
[Site "Golden Sands BUL"]
[Date "2012.06.07"]
[Round "4.44"]
[White "Foisor, Mihaela-Veronica"]
[Black "Gutov, Andrey"]
[Result "1/2-1/2"]
[WhiteTitle "WFM"]
[BlackTitle "GM"]
[WhiteElo "2244"]
[BlackElo "2421"]
[WhiteFideId "2270757"]
[BlackFideId "4130480"]
[EventDate "2012.06.04"]
[EventType "swiss"]

1. d4 Nf6 2. c4 e6 3. Nc3 Bb4 4. e3 O-O 5. Bd3 c5 6. a3 Bxc3+ 7. bxc3 Nc6 8. Ne2
b6 9. e4 Ne8 10. O-O Ba6 11. f4 f5 12. exf5 exf5 13. dxc5 bxc5 14. Ng3 g6 15.
Be3 Qa5 16. Re1 Nf6 17. Qc2 Rae8 18. h3 Re6 19. Nf1 Ne4 20. Bxe4 Rxe4 21. Nd2
Re6 22. Qd3 d6 23. Bf2 Rxe1+ 24. Rxe1 Qc7 25. Qd5+ Kg7 26. Re6 Rf6 27. Rxf6 Kxf6
28. g4 Kg7 29. gxf5 gxf5 30. Qxf5 Qe7 31. Ne4 Bxc4 32. Qg4+ Kf8 33. Qc8+ Nd8 34.
Nxd6 Be6 35. Qxc5 Kg8 36. Qg5+ Qxg5+ 37. fxg5 Bxh3 38. Bxa7 Nf7 39. Ne4 Bf5 40.
Ng3 Bd3 41. Be3 Ne5 42. Kf2 Kf7 43. Nh5 Bg6 44. Nf4 Bc2 45. Bd4 Nc4 46. Bc5 Nd2
47. Ke3 Ne4 48. Bd4 Nxg5 49. c4 Ke7 50. Kd2 Be4 51. Kc3 Ne6 52. Nxe6 Kxe6 53.
Kb4 Kd6 54. a4 Kc6 55. Kc3 h5 56. a5 Kb7 57. Bf2 Ka8 58. Kd4 Bg2 59. Kc5 h4 1/2-1/2

[Event "1st Grand Europe Open"]
[Site "Golden Sands BUL"]
[Date "2012.06.07"]
[Round "4.45"]
[White "Enchev, Ivajlo"]
[Black "Vaarala, Eric"]
[Result "0-1"]
[WhiteTitle "IM"]
[WhiteElo "2419"]
[BlackElo "2249"]
[WhiteFideId "2907712"]
[BlackFideId "1711962"]
[EventDate "2012.06.04"]
[EventType "swiss"]

1. d4 Nf6 2. c4 e6 3. Nc3 Bb4 4. e3 b6 5. Ne2 Bb7 6. a3 Bxc3+ 7. Nxc3 d6 8. d5
O-O 9. Be2 Nbd7 10. O-O Re8 11. b4 a5 12. Bb2 exd5 13. cxd5 axb4 14. axb4 Rxa1
15. Bxa1 Qa8 16. Bb5 Ba6 17. Bc6 Bb7 18. Nb5 Rc8 19. Bxd7 Nxd7 20. Bxg7 Kxg7 21.
Qg4+ Kf8 22. Qxd7 Qa4 23. Rc1 Ba6 24. Qf5 Qxb5 25. h4 Qd3 26. e4 Qd4 27. b5 Bb7
28. Qxh7 Qf6 29. Qh5 Ra8 30. Qg5 Qxg5 31. hxg5 Rc8 32. f4 Ke7 33. Kf2 Kd7 34.
Rh1 Rf8 35. Ke3 Kd8 36. f5 Bc8 37. Kd4 Bd7 38. Kc4 Rg8 39. Rh5 Ke7 40. Kb4 Ke8
41. Kc4 Kf8 42. Kb4 Kg7 43. Rh3 Re8 44. Rh4 Ra8 45. Rh6 Rh8 46. Rh3 Rxh3 47.
gxh3 f6 48. h4 Be8 49. Kc4 Kf8 50. Kb4 Bh5 51. Kc3 Be2 52. Kd4 Kg7 53. Ke3 Bxb5
54. Kf4 Bd3 55. gxf6+ Kxf6 56. h5 b5 57. h6 b4 58. Ke3 Bc2 59. e5+ dxe5 0-1

[Event "1st Grand Europe Open"]
[Site "Golden Sands BUL"]
[Date "2012.06.07"]
[Round "4.47"]
[White "Baghdasaryan, Vahe"]
[Black "Ivanov, Tsvetalin"]
[Result "0-1"]
[WhiteElo "2409"]
[BlackElo "2139"]
[WhiteFideId "13303139"]
[BlackFideId "2907720"]
[EventDate "2012.06.04"]
[EventType "swiss"]

1. e4 c5 2. Nf3 d6 3. d4 cxd4 4. Nxd4 Nf6 5. Nc3 a6 6. Bg5 e6 7. f4 Be7 8. Qf3
h6 9. Bh4 Nbd7 10. O-O-O Qc7 11. Be2 b5 12. Bxb5 axb5 13. Ndxb5 Qb8 14. e5 Bb7
15. Qe2 dxe5 16. fxe5 Nd5 17. Bg3 N7b6 18. Ne4 Ba6 19. Nf6+ Kf8 20. Rxd5 exd5
21. Qh5 Qb7 22. e6 Bxf6 23. Nd6 Qe7 24. exf7 Be2 25. Qg6 Rxa2 26. Nf5 Qxf7 0-1